header

Biomolecular networks (Record no. 57156)

MARC details
000 -LEADER
fixed length control field 01500nam a2200373Ia 4500
100 1# - MAIN ENTRY--AUTHOR NAME
Personal name Chen, Luonan,
245 10 - TITLE STATEMENT
Title Biomolecular networks
260 ## - PUBLICATION, DISTRIBUTION, ETC. (IMPRINT)
Place of publication Hoboken, NJ :
Name of publisher Wiley,
Year of publication c2009.
300 ## - PHYSICAL DESCRIPTION
Number of Pages xxv, 387 p., [4] p. :
Other physical details ill. (some col.).
490 1# - SERIES STATEMENT
Series statement Wiley series on bioinformatics
650 #0 - SUBJECT ADDED ENTRY--TOPICAL TERM
Topical Term Molecular biology
Topical Term Computational biology.
Topical Term Bioinformatics.
Topical Term Biological systems
700 1# - ADDED ENTRY--PERSONAL NAME
Personal name Wang, Rui-Sheng.
Personal name Zhang, Xiang-Sun,
856 40 - ELECTRONIC LOCATION AND ACCESS
Uniform Resource Identifier http://site.ebrary.com/lib/rucke/Doc?id=10315655

No items available.

© 2026 Rongo University
Contact us: librarian | system librarian | Rongo university